000 00278nam a22001337a 4500
008 170731b xxu||||| |||| 00| 0 eng d
020 _a659385 2495
041 _aeng
080 _a004
100 _a32
101 _aSHK
245 _aRUNNING LINUX
_cWELSH,M
942 _2udc
_cBK
999 _c22159
_d22159